[Event "FLORIPA CHESS OPEN 2015"]
[Site "Florianopolis/SC"]
[Date "2015.01.14"]
[Round "2"]
[Board "16"]
[White "Zimmermann, Kleber Renato P."]
[Black "Pires, Marcos Vinicius Torsani"]
[Result "0-1"]
[WhiteElo "1967"]
[BlackElo "2274"]
[PlyCount "122"]
[EventDate "2015.01.14"]
[EventRounds "10"]
[EventCountry "BRA"]

1. d4 d5 2. c4 e6 3. Nc3 Be7 4. Nf3 Nf6 5. Bg5 O-O 6. e3 h6 7. Bh4 b6 8. Bd3
Bb7 9. Bxf6 Bxf6 10. cxd5 exd5 11. Rc1 Nd7 12. b4 c6 13. Qb3 Re8 14. O-O Nf8
15. Rfd1 Ne6 16. Bb1 g6 17. a3 Qe7 18. b5 c5 19. Nxd5 Bxd5 20. Qxd5 cxd4 21.
exd4 Nf4 22. Qb3 Ne2+ 23. Kh1 Nxc1 24. Rxc1 Kg7 25. g3 Rac8 26. Rc6 Rcd8 27. d5
Qe2 28. Kg2 Qb2 29. Ba2 Rd7 30. Qxb2 Bxb2 31. a4 Re4 32. Bc4 Ba3 33. Nd2 Re1
34. f4 Ra1 35. Nf3 Bb2 36. f5 g5 37. f6+ Bxf6 38. Nd2 g4 39. h3 gxh3+ 40. Kxh3
Rxa4 41. Ne4 Be5 42. g4 Rxc4 43. Rxc4 Rxd5 44. Rb4 Kg6 45. Kg2 Rd3 46. Ra4 Rb3
47. Rxa7 Rxb5 48. Ra4 Rb3 49. Rc4 f6 50. Rc6 b5 51. Rb6 b4 52. Rb5 Rb1 53. Nc5
Bc3 54. Ne4 Bd4 55. Ng3 b3 56. Nf5 Be5 57. Rb7 Kg5 58. Kf3 Rf1+ 59. Kg2 Rxf5
60. gxf5 b2 61. Kf3 Kxf5 0-1

[Event "FLORIPA CHESS OPEN 2015"]
[Site "Florianopolis/SC"]
[Date "2015.01.14"]
[Round "2"]
[Board "17"]
[White "Delgado, Lidio Dias"]
[Black "Gauche, Eduardo"]
[Result "1-0"]
[WhiteElo "2262"]
[BlackElo "1961"]
[PlyCount "41"]
[EventDate "2015.01.14"]
[EventRounds "10"]
[EventCountry "BRA"]

1. d4 Nf6 2. c4 g6 3. Nc3 Bg7 4. Nf3 O-O 5. g3 d6 6. Bg2 Nbd7 7. O-O e5 8. Qc2
c6 9. Rd1 Qc7 10. h3 h6 11. b3 Re8 12. dxe5 dxe5 13. Ba3 Bf8 14. Bxf8 Nxf8 15.
Nd2 Bf5 16. Qb2 Rad8 17. g4 Bc8 18. Nde4 Nxe4 19. Bxe4 Qe7 20. c5 Rxd1+ 21.
Rxd1 1-0

[Event "FLORIPA CHESS OPEN 2015"]
[Site "Florianopolis/SC"]
[Date "2015.01.14"]
[Round "2"]
[Board "18"]
[White "Cruz, Arquias Sofocles Guimara"]
[Black "Bueno, Alfeu Junior Varela"]
[Result "0-1"]
[WhiteElo "1963"]
[BlackElo "2251"]
[PlyCount "60"]
[EventDate "2015.01.14"]
[EventRounds "10"]
[EventCountry "BRA"]

1. e4 e6 2. d4 d5 3. Nd2 Nf6 4. e5 Nfd7 5. Bd3 c5 6. c3 Nc6 7. Ne2 cxd4 8. cxd4
f6 9. exf6 Nxf6 10. O-O Bd6 11. Nf3 Qc7 12. Nc3 a6 13. Be3 O-O 14. Rc1 Bd7 15.
Na4 Be8 16. Nc5 Qe7 17. Ng5 e5 18. Nce6 e4 19. Nxf8 exd3 20. Qxd3 Qxf8 21. f4
Nb4 22. Qd2 Bb5 23. Rf3 Ne4 24. Qd1 Nxa2 25. Qb3 Nxg5 26. fxg5 Nxc1 27. Rxf8+
Rxf8 28. Qxd5+ Kh8 29. g3 Ne2+ 30. Kg2 Bc6 0-1

[Event "FLORIPA CHESS OPEN 2015"]
[Site "Florianopolis/SC"]
[Date "2015.01.14"]
[Round "2"]
[Board "19"]
[White "Menna Barreto, Felipe Kubiaki"]
[Black "Goncalves, Leonardo Yamamoto P"]
[Result "1/2-1/2"]
[WhiteElo "2247"]
[BlackElo "1945"]
[PlyCount "81"]
[EventDate "2015.01.14"]
[EventRounds "10"]
[EventCountry "BRA"]

1. e4 c5 2. Nf3 g6 3. g3 Bg7 4. Bg2 Nc6 5. O-O d6 6. c3 Bg4 7. d3 e6 8. Nbd2
Nge7 9. h3 Bxf3 10. Nxf3 O-O 11. Be3 Rb8 12. d4 cxd4 13. Nxd4 a6 14. Qd2 Na5
15. b3 b5 16. Rac1 d5 17. Rfd1 dxe4 18. Bxe4 Qc7 19. Bh6 e5 20. Bxg7 Kxg7 21.
Ne2 Rbd8 22. Qe3 Rd6 23. Bg2 Nac6 24. f4 Rfd8 25. Rxd6 Qxd6 26. c4 Nf5 27. Qe4
Ncd4 28. fxe5 Nxe2+ 29. Qxe2 Qc5+ 30. Kh2 Re8 31. Re1 bxc4 32. bxc4 Qa3 33. Qf2
Qc3 34. g4 Rxe5 35. Rf1 Nh6 36. Qf6+ Kg8 37. g5 Nf5 38. Qd8+ Kg7 39. Qf6+ Kg8
40. Qd8+ Kg7 41. Qf6+ 1/2-1/2

[Event "FLORIPA CHESS OPEN 2015"]
[Site "Florianopolis/SC"]
[Date "2015.01.14"]
[Round "2"]
[Board "20"]
[White "Peixoto, Helio Ricardo Soutinh"]
[Black "Dejeanne, Francisco"]
[Result "0-1"]
[WhiteElo "1948"]
[BlackElo "2240"]
[PlyCount "76"]
[EventDate "2015.01.14"]
[EventRounds "10"]
[EventCountry "BRA"]

1. e4 c5 2. Qe2 Nc6 3. Nf3 g6 4. g3 Bg7 5. Bg2 e6 6. O-O Nge7 7. d3 O-O 8. Nbd2
e5 9. a4 f5 10. Nc4 d6 11. c3 h6 12. exf5 gxf5 13. Nh4 d5 14. Na3 f4 15. Nc2
fxg3 16. hxg3 Be6 17. Ne3 Qd7 18. Kh2 Na5 19. Ra3 d4 20. cxd4 cxd4 21. Nc4 Nxc4
22. dxc4 Rac8 23. b3 Rcd8 24. Ra2 Nc6 25. Bd2 d3 26. Qe4 Qd4 27. Qe1 Qg4 28.
Qe3 Nd4 29. f3 Qh5 30. Qe4 Nxb3 31. Qxb7 Nxd2 32. Rxd2 Bxc4 33. Qxa7 Qg5 34.
Qa5 e4 35. Qb4 Rd4 36. fxe4 Rxf1 37. Bxf1 Be5 38. Kg1 Rxe4 0-1

[Event "FLORIPA CHESS OPEN 2015"]
[Site "Florianopolis/SC"]
[Date "2015.01.14"]
[Round "2"]
[Board "21"]
[White "Cruz, William Ferreira Da"]
[Black "Maia, Jonathan Cesar"]
[Result "1-0"]
[WhiteElo "2238"]
[BlackElo "1922"]
[PlyCount "43"]
[EventDate "2015.01.14"]
[EventRounds "10"]
[EventCountry "BRA"]

1. d4 d5 2. c4 e6 3. Nc3 Nf6 4. Bg5 Nbd7 5. cxd5 exd5 6. e3 c6 7. Bd3 Be7 8.
Qc2 O-O 9. Nge2 Re8 10. O-O h6 11. Bf4 Nb6 12. f3 Bd6 13. Bxd6 Qxd6 14. e4 dxe4
15. fxe4 Ng4 16. e5 Rxe5 17. dxe5 Qxe5 18. Ng3 Qe3+ 19. Kh1 Qg5 20. Qe2 Be6 21.
Bf5 Nxh2 22. Kxh2 1-0

[Event "FLORIPA CHESS OPEN 2015"]
[Site "Florianopolis/SC"]
[Date "2015.01.14"]
[Round "2"]
[Board "22"]
[White "De Freitas, Rames Fialho"]
[Black "Cordeiro, Marco Aurelio Zaror"]
[Result "0-1"]
[WhiteElo "1929"]
[BlackElo "2238"]
[PlyCount "60"]
[EventDate "2015.01.14"]
[EventRounds "10"]
[EventCountry "BRA"]

1. c4 e5 2. Nc3 Nc6 3. Nf3 f5 4. d3 Nf6 5. Bg5 h6 6. Bxf6 Qxf6 7. Nd5 Qd8 8. e4
d6 9. h3 g6 10. Be2 Bg7 11. b4 O-O 12. Qc1 Nd4 13. Qd2 c6 14. Ne3 a5 15. b5
cxb5 16. cxb5 Nxb5 17. Nd5 Be6 18. Qb2 Bxd5 19. exd5 Qd7 20. O-O e4 21. d4 exf3
22. Bxb5 Qd8 23. Rfe1 Qg5 24. g3 f4 25. g4 h5 26. Bd7 Rf5 27. Qxb7 Raf8 28. Re7
hxg4 29. h4 Qxh4 30. Rxg7+ Kxg7 0-1

[Event "FLORIPA CHESS OPEN 2015"]
[Site "Florianopolis/SC"]
[Date "2015.01.14"]
[Round "2"]
[Board "23"]
[White "Assumpcao, Roberto"]
[Black "Da Silva, Wagner Jose"]
[Result "1-0"]
[WhiteElo "2232"]
[BlackElo "1920"]
[PlyCount "55"]
[EventDate "2015.01.14"]
[EventRounds "10"]
[EventCountry "BRA"]

1. d4 d5 2. c4 e6 3. Nc3 Nf6 4. cxd5 exd5 5. Bg5 c6 6. e3 Be7 7. Bd3 O-O 8. Qc2
h6 9. Bh4 Re8 10. Nf3 Nbd7 11. O-O Nh5 12. Bxe7 Rxe7 13. b4 Nhf6 14. Rad1 b5
15. a4 bxa4 16. Nxa4 Nb6 17. Ne5 Bd7 18. Nc5 Be8 19. Ra1 h5 20. h3 Qc7 21. f4
Nc8 22. Rfc1 Ne4 23. Nxe4 dxe4 24. Bxe4 f6 25. Nxc6 Rd7 26. Ne7+ Rxe7 27. Qxc7
Rxc7 28. Rxc7 1-0

[Event "FLORIPA CHESS OPEN 2015"]
[Site "Florianopolis/SC"]
[Date "2015.01.14"]
[Round "2"]
[Board "24"]
[White "Cordioli, Jairo Ribeiro"]
[Black "Gauche, Charles"]
[Result "0-1"]
[WhiteElo "1921"]
[BlackElo "2229"]
[PlyCount "32"]
[EventDate "2015.01.14"]
[EventRounds "10"]
[EventCountry "BRA"]

1. d4 d5 2. c4 e6 3. Nc3 Nf6 4. Nf3 Bb4 5. Bg5 h6 6. Bxf6 Qxf6 7. e3 O-O 8. Bd3
c5 9. O-O cxd4 10. exd4 dxc4 11. Bxc4 Nc6 12. a3 Ba5 13. Rc1 Rd8 14. b4 Bb6 15.
d5 Nd4 16. Nxd4 Bxd4 0-1

[Event "FLORIPA CHESS OPEN 2015"]
[Site "Florianopolis/SC"]
[Date "2015.01.14"]
[Round "2"]
[Board "25"]
[White "Okawati, Gabriel Akira"]
[Black "Caetano, Hugo Zanotti Mendonca"]
[Result "0-1"]
[WhiteElo "1920"]
[BlackElo "2215"]
[PlyCount "78"]
[EventDate "2015.01.14"]
[EventRounds "10"]
[EventCountry "BRA"]

1. e4 c5 2. Nf3 d6 3. d4 cxd4 4. Nxd4 Nf6 5. Nc3 g6 6. Be3 Bg7 7. Bc4 O-O 8.
O-O Ng4 9. Qe2 Nxe3 10. Qxe3 Qb6 11. Rad1 Nc6 12. Nd5 Qd8 13. Nxc6 bxc6 14. Nc3
Qa5 15. f4 Bg4 16. Rde1 Qb4 17. Qg3 Qxc4 18. Qxg4 Rab8 19. Qe2 Qd4+ 20. Kh1
Rxb2 21. Rf3 Qb4 22. Qd3 Rxa2 23. Rb1 Rb2 24. Re1 Bxc3 25. Qxc3 Rb8 26. Rfe3
Qxc3 27. Rxc3 Rb1 28. Rg1 c5 29. g3 Kg7 30. Ra3 Rxg1+ 31. Kxg1 Rb1+ 32. Kf2 Rb2
33. Rxa7 Rxc2+ 34. Kf3 Kf6 35. h4 h5 36. Ra3 Rb2 37. Ke3 Ke6 38. Rd3 c4 39. Rc3
Rb3 0-1

[Event "FLORIPA CHESS OPEN 2015"]
[Site "Florianopolis/SC"]
[Date "2015.01.14"]
[Round "2"]
[Board "26"]
[White "Dias, Anderson Tatsch"]
[Black "Goncalves, Ruan Lucas Alves"]
[Result "1-0"]
[WhiteElo "2212"]
[BlackElo "1919"]
[PlyCount "71"]
[EventDate "2015.01.14"]
[EventRounds "10"]
[EventCountry "BRA"]

1. d4 Nf6 2. c4 g6 3. Nc3 Bg7 4. e4 d6 5. f3 O-O 6. Be3 e5 7. d5 c6 8. Bd3 cxd5
9. cxd5 a6 10. Nge2 Nbd7 11. Qd2 b5 12. O-O Nh5 13. a3 f5 14. exf5 gxf5 15. f4
e4 16. Bc2 Nb6 17. b3 Nf6 18. h3 Bd7 19. Rac1 a5 20. Bb1 b4 21. axb4 axb4 22.
Na2 Nbxd5 23. Nxb4 Nxe3 24. Qxe3 Qa5 25. Nc6 Nd5 26. Qf2 Qa6 27. Ncd4 Rac8 28.
Rfd1 Nb4 29. Rxc8 Rxc8 30. Ng3 Qa5 31. Nh5 Bxd4 32. Qxd4 Qc5 33. Qxc5 Rxc5 34.
Nf6+ Kf7 35. Nxd7 Rc6 36. g4 1-0

[Event "FLORIPA CHESS OPEN 2015"]
[Site "Florianopolis/SC"]
[Date "2015.01.14"]
[Round "2"]
[Board "27"]
[White "Villalba, Marcelo"]
[Black "Bianchi, Willian Domingues"]
[Result "1-0"]
[WhiteElo "2201"]
[BlackElo "1914"]
[PlyCount "113"]
[EventDate "2015.01.14"]
[EventRounds "10"]
[EventCountry "BRA"]

1. e4 Nf6 2. e5 Nd5 3. c4 Nb6 4. d4 d6 5. exd6 cxd6 6. d5 N8d7 7. Nc3 g6 8. Nf3
Bg7 9. Be2 O-O 10. O-O Nf6 11. h3 e5 12. Be3 h6 13. Qd2 Kh7 14. b4 Re8 15. Rad1
a5 16. a3 axb4 17. axb4 Na4 18. Nb5 Bf5 19. g4 Be4 20. Nh2 g5 21. f3 Bg6 22. c5
Bf8 23. Ra1 dxc5 24. d6 cxb4 25. Nc7 Bxd6 26. Nxa8 Bc5 27. Qxd8 Bxe3+ 28. Kh1
Rxd8 29. Rxa4 Rd2 30. Bc4 b5 31. Bxb5 Bf4 32. Rxb4 Rxh2+ 33. Kg1 Ra2 34. Bc6
Bd3 35. Rd1 Be2 36. Rdb1 e4 37. R1b2 Rxb2 38. Rxb2 exf3 39. Kf2 Be5 40. Rd2 h5
41. Bxf3 hxg4 42. hxg4 Bxf3 43. Kxf3 Kg6 44. Nb6 Bf4 45. Rd3 Bc7 46. Nd5 Nxd5
47. Rxd5 f6 48. Ke4 Bf4 49. Rd8 Be5 50. Kd5 Bb2 51. Ke6 Be5 52. Rg8+ Kh7 53.
Kf7 Bc3 54. Rc8 Be1 55. Rc1 Bh4 56. Rh1 Kh6 57. Kxf6 1-0

[Event "FLORIPA CHESS OPEN 2015"]
[Site "Florianopolis/SC"]
[Date "2015.01.14"]
[Round "2"]
[Board "28"]
[White "Karoly, Carlos Acacio Gomes"]
[Black "Born, Carlos Rodrigo"]
[Result "0-1"]
[WhiteElo "1914"]
[BlackElo "2199"]
[PlyCount "97"]
[EventDate "2015.01.14"]
[EventRounds "10"]
[EventCountry "BRA"]

1. e4 c5 2. Nf3 d6 3. d4 cxd4 4. Qxd4 a6 5. c4 Nf6 6. Qd2 g6 7. Nc3 Bg7 8. Be2
Nc6 9. h3 b6 10. O-O Bb7 11. Rb1 Nd7 12. Re1 Rc8 13. b3 Nc5 14. Bf1 O-O 15. Bb2
Re8 16. Nd5 e5 17. Rbd1 Ne7 18. Nxe7+ Rxe7 19. Bd3 f5 20. Bb1 fxe4 21. Ng5 Bh6
22. h4 Rec7 23. b4 Nd3 24. Bxd3 exd3 25. Qxd3 Bxg5 26. hxg5 Qxg5 27. Qh3 Re7
28. Rxd6 Rxc4 29. Rd8+ Kg7 30. Rd7 Re4 31. Rxe7+ Qxe7 32. Rxe4 Bxe4 33. Qe3
Qxb4 34. Bxe5+ Kf7 35. Qf4+ Ke6 36. Qf6+ Kd5 37. Bb2 Bf5 38. Qe5+ Kc4 39. Qd4+
Kb5 40. Qd5+ Qc5 41. Qb3+ Kc6 42. Qf3+ Qd5 43. Qc3+ Kb5 44. a3 a5 45. Qh8 h5
46. Qe8+ Qc6 47. a4+ Kc5 48. Qe3+ Kd6 49. Qd4+ {IlegÃ­vel} 0-1

[Event "FLORIPA CHESS OPEN 2015"]
[Site "Florianopolis/SC"]
[Date "2015.01.14"]
[Round "2"]
[Board "29"]
[White "Godoy Olazabal, Artur"]
[Black "Takeda, Lucas Koji"]
[Result "1/2-1/2"]
[WhiteElo "2198"]
[BlackElo "1903"]
[PlyCount "62"]
[EventDate "2015.01.14"]
[EventRounds "10"]
[EventCountry "BRA"]

1. e4 c5 2. Nf3 a6 3. Nc3 e6 4. Be2 Qc7 5. O-O b5 6. d4 cxd4 7. Nxd4 d6 8. f4
Bb7 9. Bf3 Nf6 10. Qe2 b4 11. Nd1 Nbd7 12. c4 Be7 13. Nf2 O-O 14. g4 Nb6 15. b3
d5 16. cxd5 exd5 17. e5 Bc5 18. Bb2 Ne4 19. Rac1 Rac8 20. Kg2 Qd7 21. Rc2 Rc7
22. Nxe4 dxe4 23. Bxe4 Bxd4 24. Rxc7 Bxe4+ 25. Qxe4 Qxg4+ 26. Kh1 Bxb2 27. Rc6
Nd7 28. Rg1 Qh3 29. Rg3 Qf1+ 30. Rg1 Qh3 31. Rg3 Qf1+ 1/2-1/2

[Event "FLORIPA CHESS OPEN 2015"]
[Site "Florianopolis/SC"]
[Date "2015.01.14"]
[Round "2"]
[Board "30"]
[White "Souza, Gustavo Horokoski De"]
[Black "Paniagua Chnelik, Sebastian"]
[Result "0-1"]
[WhiteElo "1903"]
[BlackElo "2197"]
[PlyCount "32"]
[EventDate "2015.01.14"]
[EventRounds "10"]
[EventCountry "BRA"]

1. e4 e5 2. Nf3 Nc6 3. d4 exd4 4. Nxd4 Nf6 5. Bg5 h6 6. Bh4 g5 7. Bg3 Nxe4 8.
Nxc6 dxc6 9. Qe2 Qe7 10. Bxc7 Bf5 11. f3 Qxc7 12. fxe4 Be6 13. Nd2 O-O-O 14. a3
Qe5 15. Qe3 Qxb2 16. Rb1 Qxc2 0-1

[Event "FLORIPA CHESS OPEN 2015"]
[Site "Florianopolis/SC"]
[Date "2015.01.14"]
[Round "2"]
[Board "31"]
[White "Crespo De Oliveira, Lucas"]
[Black "Fuck, Vinicius Rios"]
[Result "1-0"]
[WhiteElo "2194"]
[BlackElo "1887"]
[PlyCount "59"]
[EventDate "2015.01.14"]
[EventRounds "10"]
[EventCountry "BRA"]

1. e4 e5 2. Nf3 Nc6 3. Bc4 Nf6 4. d4 exd4 5. e5 d5 6. Bb5 Ne4 7. Nxd4 Bd7 8.
Bxc6 bxc6 9. O-O Be7 10. f3 Nc5 11. f4 f5 12. Nc3 g6 13. Be3 Rb8 14. Rb1 Rb7
15. Qd2 Kf7 16. b4 Ne6 17. Na4 Qb8 18. Nxe6 Bxe6 19. Bc5 Bd8 20. Qc3 Re8 21. a3
Bd7 22. Rbe1 Qc8 23. Qh3 Kg7 24. e6 Bxe6 25. Bd4+ Bf6 26. Bxf6+ Kxf6 27. Nc5
Rb8 28. Qxh7 Rh8 29. Rxe6+ Qxe6 30. Nd7+ 1-0

[Event "FLORIPA CHESS OPEN 2015"]
[Site "Florianopolis/SC"]
[Date "2015.01.14"]
[Round "2"]
[Board "32"]
[White "De Carvalho, Igor Lorenzon"]
[Black "Madeira, Wagner Martins"]
[Result "0-1"]
[WhiteElo "1887"]
[BlackElo "2191"]
[PlyCount "86"]
[EventDate "2015.01.14"]
[EventRounds "10"]
[EventCountry "BRA"]

1. d4 Nf6 2. c4 g6 3. Nc3 Bg7 4. Nf3 O-O 5. Bf4 d6 6. e3 Nh5 7. Bg5 h6 8. Bh4
f5 9. Be2 g5 10. Nd2 Nf6 11. Bg3 Nc6 12. h4 e5 13. hxg5 hxg5 14. dxe5 dxe5 15.
Qb3 Qe8 16. c5+ Be6 17. Bc4 Bxc4 18. Qxc4+ Qf7 19. O-O-O Rad8 20. Qxf7+ Rxf7
21. Nf3 Rxd1+ 22. Rxd1 Nh7 23. Rd5 e4 24. Ne5 Bxe5 25. Bxe5 Nb4 26. Rd8+ Nf8
27. Bg3 Nd3+ 28. Kb1 Nxc5 29. Nb5 Nce6 30. Rc8 f4 31. exf4 gxf4 32. Bh4 e3 33.
Nc3 Rh7 34. fxe3 Rxh4 35. exf4 Rxf4 36. Nd5 Rf7 37. g4 c6 38. Ne3 Nd4 39. Rd8
Rd7 40. Rxd7 Nxd7 41. b4 Kf7 42. Kb2 Ke6 43. Kc3 Nf3 0-1

[Event "FLORIPA CHESS OPEN 2015"]
[Site "Florianopolis/SC"]
[Date "2015.01.14"]
[Round "2"]
[Board "33"]
[White "Souza, Rafael Cabral De"]
[Black "Almeida Junior, Alvaro Alves D"]
[Result "1-0"]
[WhiteElo "2173"]
[BlackElo "1885"]
[PlyCount "61"]
[EventDate "2015.01.14"]
[EventRounds "10"]
[EventCountry "BRA"]

1. e4 c5 2. Nf3 d6 3. d4 cxd4 4. Nxd4 Nf6 5. Nc3 a6 6. Bg5 e6 7. f4 Be7 8. Qf3
Qc7 9. O-O-O Nc6 10. Nxc6 bxc6 11. e5 dxe5 12. fxe5 Nd5 13. Bxe7 Qxe7 14. Ne4
O-O 15. c4 f5 16. Nd6 Qg5+ 17. Rd2 Ne7 18. Bd3 Rb8 19. b3 Ng6 20. Re1 Qh4 21.
g3 Qd4 22. Qe3 Qc3+ 23. Bc2 Qa1+ 24. Bb1 Qc3+ 25. Kd1 Qa5 26. Ree2 Qb4 27. Nxc8
Rfxc8 28. Rd7 Rd8 29. Red2 Qf8 30. Qa7 Rxd7 31. Qxd7 1-0

[Event "FLORIPA CHESS OPEN 2015"]
[Site "Florianopolis/SC"]
[Date "2015.01.14"]
[Round "2"]
[Board "34"]
[White "Barbisan Junior, Sergio"]
[Black "Oliveira, Fernando Henrique"]
[Result "0-1"]
[WhiteElo "1886"]
[BlackElo "2162"]
[PlyCount "104"]
[EventDate "2015.01.14"]
[EventRounds "10"]
[EventCountry "BRA"]

1. Nf3 d5 2. d4 Nf6 3. g3 Bf5 4. Bg2 e6 5. Nbd2 h6 6. O-O Be7 7. Re1 O-O 8. Ne5
c5 9. e4 dxe4 10. Nxe4 Nxe4 11. Bxe4 Bxe4 12. Rxe4 Bf6 13. Be3 Qd5 14. Qf3 cxd4
15. Bxd4 Bxe5 16. Bxe5 Nd7 17. Bc3 f5 18. Re3 Qxf3 19. Rxf3 Rac8 20. Re3 Rfe8
21. Rae1 Kf7 22. R1e2 Rc6 23. f3 Rec8 24. Rd2 Nb6 25. Ree2 Nd5 26. Be5 b5 27.
a3 a5 28. c3 g6 29. Kf2 Rb6 30. Rd4 Rb7 31. Red2 Ke7 32. g4 fxg4 33. Rxg4 Kf7
34. h4 Rc4 35. Rdd4 Rxd4 36. Rxd4 g5 37. hxg5 hxg5 38. Rg4 Kg6 39. f4 Nxf4 40.
Bxf4 Kf5 41. Rxg5+ Kxf4 42. Rh5 Ke4 43. Ke2 e5 44. Rh6 Rg7 45. Rh4+ Kd5 46. b3
Rg3 47. Kd2 Rf3 48. Rg4 Rf4 49. Rxf4 exf4 50. Kd3 a4 51. bxa4 bxa4 52. c4+ Kc5
 0-1

[Event "FLORIPA CHESS OPEN 2015"]
[Site "Florianopolis/SC"]
[Date "2015.01.14"]
[Round "2"]
[Board "35"]
[White "Abrantes, Tiago Garrido"]
[Black "Farah, Daniel Landshoff"]
[Result "1-0"]
[WhiteElo "2147"]
[BlackElo "1879"]
[PlyCount "71"]
[EventDate "2015.01.14"]
[EventRounds "10"]
[EventCountry "BRA"]

1. c4 e5 2. g3 Nc6 3. Bg2 g6 4. Nc3 Bg7 5. e3 Nge7 6. Nge2 f5 7. d3 d6 8. Rb1
Be6 9. Nd5 Qd7 10. b4 O-O 11. b5 Nd8 12. O-O g5 13. f4 gxf4 14. gxf4 Ng6 15.
Qb3 Nf7 16. Bb2 Rfe8 17. Rbe1 Rab8 18. a4 c6 19. b6 axb6 20. Nxb6 Qc7 21. a5
Nh6 22. fxe5 dxe5 23. d4 e4 24. Nf4 Nxf4 25. exf4 Rbd8 26. d5 cxd5 27. cxd5
Qc5+ 28. Kh1 Bxd5 29. Qg3 Qe7 30. Nxd5 Rxd5 31. Rg1 Rd3 32. Qxd3 exd3 33. Bd5+
Nf7 34. Rxe7 Rxe7 35. Bxg7 Rd7 36. Be6 1-0

[Event "FLORIPA CHESS OPEN 2015"]
[Site "Florianopolis/SC"]
[Date "2015.01.14"]
[Round "2"]
[Board "36"]
[White "Maiberg, Wellington Gubiani"]
[Black "Gotz, Klaus Seiji Furucho"]
[Result "1/2-1/2"]
[WhiteElo "1880"]
[BlackElo "2143"]
[PlyCount "88"]
[EventDate "2015.01.14"]
[EventRounds "10"]
[EventCountry "BRA"]

1. e4 c5 2. Nf3 g6 3. c4 Bg7 4. d4 cxd4 5. Nxd4 Nc6 6. Be3 Nf6 7. Nc3 Ng4 8.
Qxg4 Nxd4 9. Qd1 e5 10. Bd3 O-O 11. O-O d6 12. Qd2 Be6 13. Rad1 Rc8 14. b3 a6
15. Bxd4 exd4 16. Ne2 Rc5 17. Ng3 h5 18. Bb1 b5 19. cxb5 axb5 20. b4 Rc6 21.
Rc1 Bc4 22. Rfd1 Qb6 23. Ne2 Bxe2 24. Qxe2 Rc3 25. Rxc3 dxc3 26. Rd5 Rc8 27.
Bc2 Rc4 28. a4 Rxb4 29. Rxb5 Qd4 30. Rxb4 Qxb4 31. g3 Bd4 32. Kg2 h4 33. Qb5
Qa3 34. gxh4 Qc1 35. Qe2 Be5 36. Qd3 Qf4 37. Qg3 Qf6 38. Qg4 Bd4 39. Qg3 Be5
40. Qg4 Bf4 41. h5 g5 42. h4 Kg7 43. hxg5 Bxg5 44. f4 Qxf4 1/2-1/2

[Event "FLORIPA CHESS OPEN 2015"]
[Site "Florianopolis/SC"]
[Date "2015.01.14"]
[Round "2"]
[Board "37"]
[White "Borges, Victor Hugo Moreira"]
[Black "Hengles, Roberto Carlos"]
[Result "1-0"]
[WhiteElo "2143"]
[BlackElo "1860"]
[PlyCount "82"]
[EventDate "2015.01.14"]
[EventRounds "10"]
[EventCountry "BRA"]

1. e4 d5 2. exd5 Qxd5 3. Nc3 Qa5 4. d4 Nf6 5. Nf3 Nc6 6. Bd2 a6 7. Bc4 Qh5 8.
Ne2 Bg4 9. Ng3 Bxf3 10. gxf3 Qh4 11. c3 e6 12. Qe2 O-O-O 13. O-O-O Bd6 14. Ne4
Bf4 15. Bxa6 Nxe4 16. fxe4 Bxd2+ 17. Rxd2 bxa6 18. Qxa6+ Kd7 19. d5 Nb8 20. Qb7
Ke8 21. Qxc7 Qe7 22. Qc4 exd5 23. exd5 Kf8 24. Re2 Qg5+ 25. Rd2 h5 26. Qd4 Rh6
27. f4 Qe7 28. Rg1 Rf6 29. Rg5 g6 30. h4 Kg8 31. f5 Nd7 32. fxg6 fxg6 33. Kc2
Nf8 34. Re5 Qd6 35. Rde2 Rd7 36. c4 Rc7 37. a3 Rf5 38. Rxf5 gxf5 39. Rg2+ Kh7
40. Rg5 Qh2+ 41. Kb1 Qxh4 1-0

[Event "FLORIPA CHESS OPEN 2015"]
[Site "Florianopolis/SC"]
[Date "2015.01.14"]
[Round "2"]
[Board "38"]
[White "Reis, Nicolas Rodrigues Dos"]
[Black "Calcado, Acyr Rogerio"]
[Result "0-1"]
[WhiteElo "1870"]
[BlackElo "2133"]
[PlyCount "59"]
[EventDate "2015.01.14"]
[EventRounds "10"]
[EventCountry "BRA"]

1. e4 e5 2. d4 exd4 3. Nf3 Nc6 4. Bc4 Nf6 5. e5 d5 6. Bb5 Ne4 7. Nxd4 Bc5 8.
O-O Bd7 9. Bxc6 bxc6 10. Nc3 Nxc3 11. bxc3 O-O 12. Re1 Qh4 13. Be3 Bb6 14. Qd2
Qh5 15. Nb3 Rfe8 16. Bd4 Re6 17. Re3 Rh6 18. h3 Rg6 19. Kh2 Bf5 20. Rae1 Qg5
21. g4 Qf4+ 22. Kg1 h5 23. R3e2 Qxd2 24. Rxd2 hxg4 25. hxg4 Rxg4+ 26. Kf1 Re8
27. f3 Rh4 28. Kg2 Re6 29. Kf2 Rh2+ 30. Ke3 0-1

[Event "FLORIPA CHESS OPEN 2015"]
[Site "Florianopolis/SC"]
[Date "2015.01.14"]
[Round "2"]
[Board "39"]
[White "Maia, Jose Eduardo Bastos O."]
[Black "Lunelli, Neuri Antonio"]
[Result "1-0"]
[WhiteElo "2131"]
[BlackElo "1847"]
[PlyCount "96"]
[EventDate "2015.01.14"]
[EventRounds "10"]
[EventCountry "BRA"]

1. d4 Nf6 2. Nf3 g6 3. c4 Bg7 4. Nc3 O-O 5. e4 d6 6. Be2 e5 7. dxe5 dxe5 8.
Qxd8 Rxd8 9. Bg5 c6 10. Nxe5 Re8 11. O-O-O Na6 12. f4 h6 13. Bh4 Nc5 14. Bf3
Ne6 15. Bg3 Nh7 16. Rhe1 Nef8 17. Nd3 Be6 18. Nc5 Bxc4 19. e5 Rab8 20. b3 Be6
21. Nxe6 Nxe6 22. Ne4 Rbd8 23. Rxd8 Rxd8 24. Rd1 Bf8 25. Rxd8 Nxd8 26. Bf2 b6
27. Kc2 Bb4 28. Kd3 Nf8 29. g4 Nfe6 30. Be3 Be7 31. f5 gxf5 32. gxf5 Ng5 33. f6
Bf8 34. Bxg5 hxg5 35. Nxg5 Bh6 36. h4 Bxg5 37. hxg5 Ne6 38. Bxc6 Nxg5 39. Bd5
Kf8 40. Ke3 Ke8 41. Kf4 Nh3+ 42. Kg3 Ng5 43. Kh4 Nh7 44. Be4 Nf8 45. Bf5 Nd7
46. Bxd7+ Kxd7 47. Kg5 Ke6 48. Kf4 Kd5 1-0

[Event "FLORIPA CHESS OPEN 2015"]
[Site "Florianopolis/SC"]
[Date "2015.01.14"]
[Round "2"]
[Board "40"]
[White "Das Chagas, David Ferreira"]
[Black "Mendonca Campelo, Higor Carlos"]
[Result "1/2-1/2"]
[WhiteElo "1868"]
[BlackElo "2119"]
[PlyCount "52"]
[EventDate "2015.01.14"]
[EventRounds "10"]
[EventCountry "BRA"]

1. d4 Nf6 2. c4 g6 3. Nc3 d5 4. cxd5 Nxd5 5. e4 Nxc3 6. bxc3 Bg7 7. Bc4 O-O 8.
Ne2 c5 9. O-O Nc6 10. Be3 Qc7 11. Rc1 Rd8 12. f4 Bg4 13. d5 Na5 14. Bd3 c4 15.
Bb1 e6 16. h3 Bxe2 17. Qxe2 exd5 18. exd5 b5 19. Rcd1 Nc6 20. Qf3 Qd7 21. Bf2
Bf8 22. Rd2 b4 23. Rfd1 Ne7 24. cxb4 Qb5 25. a3 a5 26. bxa5 Rxa5 {Ilegivel}
 1/2-1/2

[Event "FLORIPA CHESS OPEN 2015"]
[Site "Florianopolis/SC"]
[Date "2015.01.14"]
[Round "2"]
[Board "41"]
[White "Pottker, Gustavo Sartori"]
[Black "De Borba, Guilherme"]
[Result "1/2-1/2"]
[WhiteElo "2109"]
[BlackElo "1845"]
[PlyCount "52"]
[EventDate "2015.01.14"]
[EventRounds "10"]
[EventCountry "BRA"]

1. Nf3 c5 2. g3 Nf6 3. c4 Nc6 4. Bg2 d5 5. cxd5 Nxd5 6. Nc3 Nc7 7. O-O e5 8. d3
Be7 9. Be3 O-O 10. Na4 b6 11. Rc1 Nd5 12. Bd2 Be6 13. Nc3 Rc8 14. a3 f6 15. e3
Qd7 16. Qc2 Rfd8 17. Rfd1 Bf8 18. Qb1 Qf7 19. Be1 Nxc3 20. Bxc3 Ba2 21. Qa1 Bb3
22. Rd2 g6 23. Qb1 Ba2 24. Qa1 Bb3 25. Qb1 Ba2 26. Qa1 Bb3 1/2-1/2